000 00383pab a2200157 454500
008 180718b2000 xxu||||| |||| 00| 0 eng d
100 _aSubramaniam, Garimella
245 _aImplement the constitution
260 _c2000
300 _ap.10; 3 Feb, 2000, p.10
362 _a2 Feb
650 _aIndia - Constitution
650 _aConstitutions
773 _aHindu
909 _a45001
999 _c45001
_d45001